Ricostruisci la Carriera del Calciatore - Giuseppe Signori - Statistics

Statistiche generali
  • Questo quiz è stato fatto 4 volte
  • Il punteggio medio è 3 su 10
Statistiche sulle risposte
Hint Risposta % Corretto
1984-1986 Leffe
67%
2005-2006 Sopron
67%
1989-1992 Foggia
33%
2004-2005 Īraklīs
33%
1992-1997 Lazio
33%
1986-1987 Piacenza
33%
1997-1998 Sampdoria
33%
1998-2004 Bologna
0%
1988-1989 Piacenza
0%
1987-1988 Trento
0%
Nessun quiz corrispondente trovato
Distribuzione punteggi
Percentuale di utenti per punteggio
Percentile per numero di risposta
I tuoi punteggi nel tempo
Non hai fatto questo quiz